000 00925nam a22002537a 4500
001 BR7705788
003 BR-BrBNA
005 20230928085505.0
007 ta
008 230509b bl.||||| |||| 00| 0 por d
040 _aBR-BrBNA
_bpor
_cBiblioteca Nacional de Agricultura
041 _a(Por)
072 _aL00
_b7100
_b/G514
090 _ 7100 BR7705788
110 1 _aSecretaria da Agricultura e Abastecimento, Florianopolis, SC (Brasil). Projeto de Apicultura
_98295
245 1 _aRelatorio dos trabalhos realizados durante 1977; sintese do programa previsto para 1978 [apicultura, Santa Catarina, Brasil]
260 3 _aFlorianopolis, SC (Brasil):
_c1977.
300 _avp.
500 _a[ca 10]p. (*) Documento disponível na(o) Empresa Catarinense de Pesquisa Agropecuaria, Florianopolis, SC (Brazil)
650 _aAPICULTURA
650 _aSANTA CATARINA
909 _a202309
_bLucia
_c55
_dLucia Elande
942 _cBK
999 _c24710
_d24710